000 02043cam a22004214i 4500
003 PE-LiUPU
005 20250731175619.0
008 140404s2013 sp a e 000 0 spa d
020 _a8499213987
020 _a8499214002
020 _a9788499213989
020 _a9788499214009
035 _a(Sirsi) i9788499213989
040 _aIT-TrCB
_bspa
_cITCBT
_dOCLCQ
_dPE-LiUPU
_erda
049 _aPRUA
082 0 4 _a468.24
_bG13
_220
100 1 _aGago, Emma,
_eautor.
245 1 0 _aConstruyendo culturas :
_bManual para el desarrollo de la competencia intercultural /
_cEmma Gago.
264 _aBarcelona :
_bOctaedro,
_c2013.
300 _a118 páginas :
_bilustraciones ;
_c26 centímetros.
336 _text
_2rdacontent
337 _unmediated
_2rdamedia
338 _volume
_2rdacarrier
490 1 _aOctaedro eleDele
505 2 _aIntroducción -- Español: lengua y cultura -- Fmilia : un nuevo concepto -- Universidad: adiós a la lección magistral -- Juventud: la generación indignada -- Religión: tópico y estado laico -- Hombres: el mito del macho ibérico -- Mujer: ¿el sexo debil? -- Inmigración: el español extranjero -- Gastronomía: la nueva dieta mediterránea -- Arte: lo estético, lo comercial, lo perverso -- Ciencia: por el desarrollo -- Literatura: locura por los libros -- Patrimonio de la humanidad -- Cine: el séptimo arte -- Memoria histórica: por el cambio.
526 _aP145
526 _aP127
526 _aP97
526 _aP35
526 _aP14
526 _aP07
541 _g0020-0000903;
942 _2ddc
_cBOOK
949 _a468.24 G13
_wDEWEY
_c1
_i74061
_lCCODEBUL1
_mBUL
_p20.67
_r0
_sY
_tBOOK
_u2016-7-15
_xEDUCACION
_PP20
_0COMPRA
_o.STAFF. Colección General
994 _aC0
_bPEPRU
596 _a1
999 _a468.24 G13
_wDEWEY
_c11276
_i74061
_e2017-5-21
_f2021-11-8
_g5
_lCCODEBUL1
_mBUL
_n2
_p20.67
_r0
_sY
_tBOOK
_u2016-7-15
_xEDUCACION
_PP20
_0COMPRA
_o.STAFF. Colección General
_d11276
980 _81
_gALBERTO SANCHEZ Responsable de Automatización